| 000 | 01180cam a2200289 i 4500 | ||
|---|---|---|---|
| 003 | SA-RiAUC | ||
| 005 | 20250925092414.0 | ||
| 008 | 250803s1989 su g 000 0 ara c | ||
| 040 |
_aSA-JeALM _bara _cSA-RiAUC _erda |
||
| 050 | 4 | _b.I2 1989 | |
| 082 | 0 | 4 | _a252.5 |
| 090 |
_a252.5 _bا ب ن ح |
||
| 100 | 1 |
_aابن حجر العسقلاني، أحمد بن علي بن محمد، _d773-852 هجري _eمؤلف. |
|
| 245 | 1 | 2 |
_aالتتبع لصفة التمتع ؛ _bمعه، الممتع للمتمتع / _cتصنيف أبي الفضل أحمد بن علي بن حجر العسقلاني ؛ تحقيق أبي الأشبال الزهيري. |
| 250 | _aالطبعة الأولى. | ||
| 264 | 1 |
_aالرياض : _bدار الضياء، _c1989 |
|
| 300 |
_a79 صفحة ؛ _c16 سم |
||
| 336 |
_aنص _btxt _2rdacontent _3كتاب |
||
| 337 |
_aبدون وسيط _bn _2rdamedia |
||
| 338 |
_aمجلد _bnc _2rdacarrier |
||
| 650 | 7 |
_aالحج _2aucsh |
|
| 650 | 7 |
_aالعمرة _2aucsh |
|
| 700 | 1 |
_aالزهيري، أبو الأشبال _eمحقق. |
|
| 740 | 2 | 2 | _aالممتع للمتمتع. |
| 942 |
_2ddc _cBOOK _n0 |
||
| 949 |
_aSA-JeALM _d250803 _uosman123 _n1 |
||
| 999 |
_c12115 _d12115 |
||